01173nam a2200193Ia 4500001001100000003001000011008004100021040002500062041001300087100004500100245004300145250001100188260008700199300001200286500026200298501011400560520026200674650004300936A085-34686IT-CnALBA170116s9999||||xx |||||||||||||| ||und|| aIT-CnALBAcIT-CnALBA aITALIANO aBOSSUET JACQUES-BENIGNE VESCOVO DI MEAUX 0aLIBER PSALMORUM CUM NOTIS. TOMO LXII.  a1a ed. a VENEZIAbZERLETTI PIETRO (PRESSO) c1800 [1° Ed.:1800 - Ed.Ling.Originale: 1800] a335 p.  aLIBRO DEI SALMO CON NOTE. MONUMENTO DI FEDE. SORGENTE DI FEDE SPERANZA E CARITÀ. ELOQUENZA E DOLCEZZA DEI SALMI. GENERE LETTERARIO. PROFONDITA' DEI MISTERI. TESTO E VERSIONE. TITOLI. AUTORI. METRICA. CORO E STRUMENTI DI CANTO. SANT'ATANASIO, S. AGOSTINO,  aSocietà San Paolo EM - Piazza San Paolo, 14 - 12051 ALBA (CN) (non commercial uses only) ® Copyright 2017 aLIBRO DEI SALMO CON NOTE. MONUMENTO DI FEDE. SORGENTE DI FEDE SPERANZA E CARITÀ. ELOQUENZA E DOLCEZZA DEI SALMI. GENERE LETTERARIO. PROFONDITA' DEI MISTERI. TESTO E VERSIONE. TITOLI. AUTORI. METRICA. CORO E STRUMENTI DI CANTO. SANT'ATANASIO, S. AGOSTINO,  aRACCOLTE DI CARATTERE GEN. IN ITALIANO